| 000 | 00798nam a22002415i 4500 | ||
|---|---|---|---|
| 001 | 177203 | ||
| 003 | ES-MaACL | ||
| 005 | 20230906220257.0 | ||
| 008 | 110308s1948 sp o |||| | spa d | ||
| 080 | _a726.6(460.353 S.) | ||
| 080 | _a725.17(460.353 S.) | ||
| 100 | 1 |
_aMontoto, Santiago. _982701 |
|
| 245 | 1 | 3 |
_aLa catedral y el Alcázar de Sevilla / _cpor Santiago Montoto. |
| 260 |
_aMadrid : _bPlus-Ultra, _cimp. 1948. |
||
| 300 |
_a154 p. : _bfot. bl. y n. ; _c22 cm. |
||
| 490 | 1 |
_aLos monumentos cardinales de España ; _v3 |
|
| 504 | _aBibliografía: p. 154. | ||
| 610 | 2 | 4 |
_aCatedral de Sevilla. _92525 |
| 610 | 2 | 4 |
_aAlcázar de Sevilla. _91324 |
| 830 | 0 |
_aLos monumentos cardinales de España ; _v3 _9190368 |
|
| 852 |
_aES-MaACL _jE-14616 _xOlim P-1021 |
||
| 999 |
_c177203 _d177203 |
||